Catolicismo social en Chile: pensamiento y praxis de los movimientos apostólicos
Bewaard in:
| Hoofdauteur: | |
|---|---|
| Formaat: | Boek |
| Taal: | Spaans |
| Gepubliceerd in: |
Santiago
Paulinas
1991
|
| Reeks: | Colección Nueva Evangelización, 2
|
| Onderwerpen: | |
| Tags: |
Voeg label toe
Geen labels, Wees de eerste die dit record labelt!
|
MARC
| LEADER | 00000nam a2200000 a 4500 | ||
|---|---|---|---|
| 001 | UCX3791 | ||
| 003 | CL-VaPUC | ||
| 008 | 920102e19910000CL |||||||||||||||||spa|d | ||
| 082 | 0 | 4 | |a 261.7 |b HUE |2 21 |
| 100 | |a Huerta Malbrán, María Antonieta |e author |9 319987 | ||
| 245 | 1 | 0 | |a Catolicismo social en Chile: pensamiento y praxis de los movimientos apostólicos |
| 300 | |a 564 p | ||
| 942 | |c BK | ||
| 945 | |d 19920102 00:00:00 | ||
| 260 | |a Santiago |b Paulinas |c 1991 | ||
| 650 | 0 | |a Iglesia Católica y Estado |9 257443 | |
| 650 | 7 | |a IGLESIA CATOLICA HISTORIA |2 CL-VaPUC |9 257444 | |
| 651 | 7 | |a CHILE |2 CL-VaPUC |9 319988 | |
| 583 | |a last modification |c 20170904 09:56:14 |k Rodrigo Vera | ||
| 490 | 0 | |a Colección Nueva Evangelización, 2 | |
| 999 | |c 224452 |d 224450 | ||
| 952 | |0 0 |1 0 |4 0 |6 261_700000000000000_HUE_1991 |7 0 |8 A |9 221099 |a BIBTEO |b BIBTEO |d 2019-11-15 |i 2898497 |l 1 |o 261.7 HUE 1991 |p 2898497 |r 2025-01-17 |s 2024-10-15 |w 2019-11-15 |y BK |k ICR | ||